| 000 | 00768nam a22002057a 4500 | ||
|---|---|---|---|
| 999 |
_c20979 _d20979 |
||
| 003 | AR-CdUCM | ||
| 008 | 190723b ||||| |||| 00| 0 spa d | ||
| 040 |
_aMUNICIPALIDAD PROVINCIAL DEL CUSCO _cBIBLIOTECA MUNICIPAL DEL CUSCO |
||
| 082 |
_aC / 398.61 / _bR72 |
||
| 100 |
_aRoca Wallparimachi, Demetrio _96182 |
||
| 245 | _aTres temas del folklore cusqueño / | ||
| 260 |
_aCusco : _bMercantil, _c1992. |
||
| 300 |
_a97 páginas ; _c21 cm. |
||
| 505 | _aContenido : Fiesta de la Natividad de la Almudena del Cusco -- Folklore urbano actual del Cusco (sastres y costureras) -- El mito del Chujchu (origen de la enfermedad del paludismo). | ||
| 650 |
_aFolklore _91081 |
||
| 650 |
_aTradición _92713 |
||
| 650 |
_aCusco _9772 |
||
| 942 |
_2ddc _cLIBROS |
||
| 945 | _azta | ||